Fruits with the letter c , p , m and o - Statistics

General Stats
  • This quiz has been taken 26 times
  • The average score is 13 of 16
Answer Stats
Picture Answer % Correct
carrot
100%
coconut
100%
corn
100%
cucumber
96%
peach
96%
cherry
88%
pear
88%
pumpkin
88%
potato
83%
pepper
79%
pineapple
79%
peas
71%
mango
67%
olive
67%
onion
63%
melon
58%
No matching quizzes found
Score Distribution
Percent of People with Each Score
Percentile by Number Answered
Your Score History
You have not taken this quiz